[Event "Vecindario Montalvo Memorial 16th"]
[Site "Vecindario"]
[Date "2024.03.30"]
[Round "8"]
[White "Mesa Rodriguez, Antonio"]
[Black "Sanchez Gonzalez, Diego"]
[Result "1-0"]
[WhiteElo "1697"]
[BlackElo "1908"]
[PlyCount "49"]
[EventDate "2024.03.23"]
[EventType "swiss"]
[EventRounds "9"]
[EventCountry "ESP"]
[SourceTitle "CB15_2024"]
[SourceDate "2024.04.10"]
[SourceVersion "1"]
[SourceVersionDate "2024.04.10"]
[SourceQuality "1"]

1. e4 c5 2. Nf3 d6 3. d4 cxd4 4. Nxd4 Nf6 5. Nc3 a6 6. Bg5 e6 7. f4 Be7 8. Qf3 Qc7 9. 0-0-0 Nbd7 10. g4 b5 11. Bxf6 Nxf6 12. g5 Nd7 13. f5 0-0 14. Rg1 b4 15. Nce2 e5 16. f6 exd4 17. fxe7 Re8 18. Nxd4 Ne5 19. Qg3 Bb7 20. Bg2 Rxe7 21. Nf5 Rd7 22. Rd2 Qc5 23. Qe3 Qc7 24. Qd4 Nc4 25. Qxg7# 1-0

[Event "Las Palmas San Mateo CC op 1st"]
[Site "Las Palmas"]
[Date "2023.12.05"]
[Round "2"]
[White "Estremera Panos, Sergio"]
[Black "Sanchez Gonzalez, Diego"]
[Result "1-0"]
[WhiteElo "2236"]
[BlackElo "1858"]
[PlyCount "83"]
[EventDate "2023.12.04"]
[EventType "swiss"]
[EventRounds "9"]
[EventCountry "ESP"]
[SourceTitle "CB50_2023"]
[SourceDate "2023.12.13"]
[SourceVersion "1"]
[SourceVersionDate "2023.12.13"]
[SourceQuality "1"]

1. Nf3 d5 2. e3 c5 3. b3 Nf6 4. Bb2 e6 5. c4 Bd6 6. cxd5 exd5 7. Nc3 a6 8. d4 Nc6 9. Be2 0-0 10. 0-0 Bf5 11. Rc1 cxd4 12. Nxd4 Nxd4 13. Qxd4 Re8 14. f4 Bb8 15. Nd1 Ba7 16. Qb4 Rxe3 17. Nxe3 Bxe3+ 18. Kh1 Bxc1 19. Rxc1 b5 20. Bf3 Rc8 21. Rd1 Be6 22. h3 Qb6 23. Bd4 Qc6 24. Bxf6 gxf6 25. f5 Bxf5 26. Rxd5 Qc1+ 27. Rd1 Qe3 28. Qd6 Kg7 29. Qd4 Qxd4 30. Rxd4 Rc1+ 31. Kh2 Ra1 32. a4 bxa4 33. bxa4 Bc2 34. Bc6 Ra2 35. Rd2 Bb3 36. Rd4 f5 37. Rb4 Bc2 38. Rb6 Bd3 39. Rb4 Kf6 40. Bd5 Ke5 41. Bxa2 f6 42. Bc4 1-0

[Event "ESP-ch U12 rapid"]
[Site "Salobrena"]
[Date "2023.07.16"]
[Round "7"]
[White "Sanchez Gonzalez, Diego"]
[Black "Herman Gamazo, Isaac"]
[Result "1-0"]
[WhiteElo "1622"]
[BlackElo "1891"]
[PlyCount "149"]
[EventDate "2023.07.15"]
[EventType "swiss (rapid)"]
[EventRounds "9"]
[EventCountry "ESP"]
[SourceTitle "EXT 2024"]
[Source "ChessBase"]
[SourceDate "2023.10.10"]
[SourceVersion "1"]
[SourceVersionDate "2023.10.10"]
[SourceQuality "1"]

1. e4 c5 2. c3 Nf6 3. e5 Nd5 4. d4 cxd4 5. cxd4 d6 6. f4 Nc6 7. Nc3 Nxc3 8. bxc3 dxe5 9. fxe5 Bf5 10. Bd3 Bxd3 11. Qxd3 Nxe5 12. Qb5+ Nd7 13. Nf3 Qb6 14. Qc4 Qc6 15. Qb3 e6 16. 0-0 Be7 17. Ba3 Qb6 18. Qa4 Qa6 19. Qxa6 bxa6 20. Bxe7 Kxe7 21. Rae1 f6 22. Nd2 Rhc8 23. Rf3 e5 24. Rh3 h6 25. Rg3 Kf7 26. Ne4 Rc6 27. d5 Rb6 28. c4 Rc8 29. c5 Nxc5 30. Rc3 Nxe4 31. Rxc8 Nd6 32. Rc7+ Kf8 33. Rxa7 e4 34. Rc7 Ke8 35. Rc6 Rxc6 36. dxc6 Kd8 37. Kf2 Kc7 38. Rc1 f5 39. Ke3 Nc8 40. Kf4 Ne7 41. Ke5 g6 42. g3 e3 43. Kd4 e2 44. Re1 Nxc6+ 45. Kc5 g5 46. Rxe2 f4 47. gxf4 gxf4 48. Re6 Nb8 49. Re7+ Nd7+ 50. Kd4 Kd6 51. Rf7 Nc5 52. Rf6+ Ne6+ 53. Ke4 f3 54. Kxf3 Ke5 55. Rxh6 Nd4+ 56. Kg2 a5 57. Ra6 Kf4 58. Rxa5 Ne6 59. h4 Ng7 60. h5 Nf5 61. Kh3 Nh6 62. Kh4 Nf5+ 63. Rxf5+ Kxf5 64. a4 Kf6 65. a5 Kf7 66. a6 Kg7 67. a7 Kh6 68. a8Q Kg7 69. Qb7+ Kh6 70. Qc6+ Kg7 71. h6+ Kh7 72. Kg5 Kg8 73. Qe8+ Kh7 74. Qf7+ Kh8 75. Qg7# 1-0

[Event "ESP-ch U12 rapid"]
[Site "Salobrena"]
[Date "2023.07.15"]
[Round "2"]
[White "Prieto Rol, Esther"]
[Black "Sanchez Gonzalez, Diego"]
[Result "1-0"]
[WhiteElo "1311"]
[BlackElo "1622"]
[PlyCount "97"]
[EventDate "2023.07.15"]
[EventType "swiss (rapid)"]
[EventRounds "9"]
[EventCountry "ESP"]
[SourceTitle "EXT 2024"]
[Source "ChessBase"]
[SourceDate "2023.10.10"]
[SourceVersion "1"]
[SourceVersionDate "2023.10.10"]
[SourceQuality "1"]

1. d4 d5 2. Nf3 e6 3. Bf4 c6 4. e3 Bd6 5. Bg3 Nf6 6. c3 Qc7 7. Bd3 Nbd7 8. Nbd2 0-0 9. 0-0 Re8 10. e4 e5 11. Re1 b6 12. Qc2 Bb7 13. exd5 cxd5 14. dxe5 Nxe5 15. Nxe5 Bxe5 16. Bxe5 Rxe5 17. Rxe5 Qxe5 18. Nf3 Qd6 19. Re1 Rc8 20. Qd2 g6 21. h3 Kg7 22. Bc2 Rc7 23. Nd4 a6 24. Qg5 Qd8 25. Nf5+ Kh8 26. Re8+ Nxe8 27. Qxd8 Rc8 28. Qe7 Ng7 29. Nxg7 Kxg7 30. Qxb7 Re8 31. Qxd5 Re6 32. c4 h6 33. c5 bxc5 34. Qxc5 Kg8 35. Qc8+ Kg7 36. Bb3 Rf6 37. Bc4 a5 38. a3 h5 39. b4 axb4 40. axb4 Rb6 41. b5 Rd6 42. Qc7 Rd1+ 43. Kh2 Kh6 44. Qf4+ Kg7 45. Qxf7+ Kh6 46. Qf8+ Kh7 47. Bg8+ Kh8 48. Bf7+ Kh7 49. Qg8+ 1-0

[Event "Vecindario Montalvo Memorial 15th"]
[Site "Vecindario"]
[Date "2023.04.09"]
[Round "9"]
[White "Roca Marrero, Fernando"]
[Black "Sanchez Gonzalez, Diego"]
[Result "0-1"]
[WhiteElo "1473"]
[BlackElo "1674"]
[PlyCount "94"]
[EventDate "2023.04.02"]
[EventType "swiss"]
[EventRounds "9"]
[EventCountry "ESP"]
[SourceTitle "CBM 213 Extra"]
[Source "ChessBase"]
[SourceDate "2023.05.31"]
[SourceVersion "1"]
[SourceVersionDate "2023.05.31"]
[SourceQuality "1"]

1. d4 d5 2. Bf4 Nf6 3. e3 e6 4. Nf3 c6 5. Bd3 Bd6 6. Ne5 Qe7 7. Nd2 Nbd7 8. c3 0-0 9. h4 c5 10. g4 cxd4 11. exd4 Bxe5 12. dxe5 Nc5 13. Bc2 Nfe4 14. Nf3 f6 15. g5 fxe5 16. Bxe5 Qf7 17. Rh3 Qh5 18. Bd4 Qg4 19. Bxc5 Rf4 20. Be3 Rf8 21. Bxe4 Qxh3 22. Ng1 Qh2 23. Bxh7+ Kxh7 24. Qh5+ Kg8 25. 0-0-0 Qe5 26. Bd4 Qf4+ 27. Rd2 Qf5 28. f4 Bd7 29. Ne2 Be8 30. Qf3 Bg6 31. Kd1 Qb1+ 32. Nc1 Qe4 33. Qh3 Bh5+ 34. Re2 Rxf4 35. Kd2 Bxe2 36. Nxe2 Rf3 37. Qh2 Qd3+ 38. Ke1 Raf8 39. Bf6 gxf6 40. g6 Re3 41. h5 Rxe2+ 42. Qxe2 Qxe2+ 43. Kxe2 Kg7 44. Kf3 Rh8 45. Kg4 e5 46. b4 d4 47. cxd4 exd4 0-1

[Event "Vecindario Montalvo Memorial 15th"]
[Site "Vecindario"]
[Date "2023.04.08"]
[Round "8"]
[White "Sanchez Gonzalez, Diego"]
[Black "Sosa Suarez, Carla Cristina"]
[Result "1/2-1/2"]
[WhiteElo "1674"]
[BlackElo "2044"]
[PlyCount "49"]
[EventDate "2023.04.02"]
[EventType "swiss"]
[EventRounds "9"]
[EventCountry "ESP"]
[SourceTitle "CBM 213 Extra"]
[Source "ChessBase"]
[SourceDate "2023.05.31"]
[SourceVersion "1"]
[SourceVersionDate "2023.05.31"]
[SourceQuality "1"]

1. e4 e6 2. d4 d5 3. Nd2 c5 4. c3 cxd4 5. cxd4 Nc6 6. Ngf3 dxe4 7. Nxe4 Be7 8. Bd3 Nf6 9. Nxf6+ Bxf6 10. Be3 0-0 11. h4 g6 12. Ng5 Bxd4 13. Nxh7 Kxh7 14. h5 Qa5+ 15. Kf1 Bxe3 16. hxg6+ Kg8 17. g7 Kxg7 18. Qf3 Qg5 19. Rh7+ Kg8 20. Rh3 Nd4 21. Qd1 Nf5 22. Bxf5 Qxf5 23. Rxe3 f6 24. Rc1 b6 25. Rg3+ 1/2-1/2

[Event "Vecindario Montalvo Memorial 15th"]
[Site "Vecindario"]
[Date "2023.04.06"]
[Round "6"]
[White "Ramos Santana, Marcelino"]
[Black "Sanchez Gonzalez, Diego"]
[Result "1-0"]
[WhiteElo "1869"]
[BlackElo "1674"]
[PlyCount "77"]
[EventDate "2023.04.02"]
[EventType "swiss"]
[EventRounds "9"]
[EventCountry "ESP"]
[SourceTitle "CBM 213 Extra"]
[Source "ChessBase"]
[SourceDate "2023.05.31"]
[SourceVersion "1"]
[SourceVersionDate "2023.05.31"]
[SourceQuality "1"]

1. e4 c5 2. Nc3 d6 3. f4 a6 4. Nf3 e6 5. a3 Be7 6. d3 Nf6 7. g3 b5 8. Bg2 Bb7 9. 0-0 Nbd7 10. h3 Qc7 11. Bd2 0-0 12. g4 Nb6 13. Ne2 Rac8 14. Rc1 Nfd7 15. Ng3 Rfd8 16. Qe1 Nf8 17. f5 Nbd7 18. g5 f6 19. fxe6 Nxe6 20. Nf5 Ne5 21. Ba5 Nxf3+ 22. Rxf3 Qd7 23. Nxe7+ Qxe7 24. Bxd8 Rxd8 25. gxf6 gxf6 26. Qf2 Nd4 27. Rg3+ Kh8 28. c3 Ne6 29. Rf1 Rf8 30. Kh2 Ng7 31. Re3 a5 32. Bf3 Re8 33. Bg4 h5 34. Bf5 d5 35. Qf4 Qe5 36. Bg6 Re6 37. Qxe5 Rxe5 38. Rxf6 Ne6 39. Rf5 1-0

[Event "Vecindario Montalvo Memorial 15th"]
[Site "Vecindario"]
[Date "2023.04.04"]
[Round "4"]
[White "Marin Dorta, Alejandro"]
[Black "Sanchez Gonzalez, Diego"]
[Result "1-0"]
[WhiteElo "1931"]
[BlackElo "1674"]
[PlyCount "99"]
[EventDate "2023.04.02"]
[EventType "swiss"]
[EventRounds "9"]
[EventCountry "ESP"]
[SourceTitle "CBM 213 Extra"]
[Source "ChessBase"]
[SourceDate "2023.05.31"]
[SourceVersion "1"]
[SourceVersionDate "2023.05.31"]
[SourceQuality "1"]

1. e4 c5 2. Nf3 d6 3. Bb5+ Bd7 4. Bxd7+ Nxd7 5. 0-0 Ngf6 6. Qe2 e6 7. c3 Be7 8. d4 cxd4 9. cxd4 0-0 10. Nc3 a6 11. a4 Re8 12. h3 Nf8 13. e5 Nd5 14. Nxd5 exd5 15. Be3 Ne6 16. Qd3 Qa5 17. Bd2 Qb6 18. Bc3 Rac8 19. Rfe1 Rc4 20. g3 Bd8 21. a5 Qc6 22. Nd2 Ra4 23. Rxa4 Qxa4 24. exd6 Bf6 25. Nf3 Rd8 26. Ne5 Rxd6 27. f4 g6 28. Qd2 Bg7 29. Bb4 Rd8 30. Rc1 Qb3 31. Kg2 h5 32. Re1 Bh6 33. Re3 Qa4 34. Nxg6 Kg7 35. Ra3 Qb5 36. Nh4 Re8 37. Nf5+ Kg6 38. Nh4+ Kf6 39. Re3 Rg8 40. Bd6 Bf8 41. Be5+ Ke7 42. Nf5+ Kd7 43. Kf2 Bb4 44. Qe2 Qxa5 45. Qxh5 Ke8 46. Nh6 Rf8 47. Bg7 Be7 48. Rxe6 Qd2+ 49. Re2 Qxd4+ 50. Bxd4 1-0

[Event "Vecindario Montalvo Memorial 15th"]
[Site "Vecindario"]
[Date "2023.04.03"]
[Round "3"]
[White "Sanchez Gonzalez, Diego"]
[Black "Trocoli Romero, Luis Dingyu"]
[Result "1-0"]
[WhiteElo "1674"]
[BlackElo "1255"]
[PlyCount "27"]
[EventDate "2023.04.02"]
[EventType "swiss"]
[EventRounds "9"]
[EventCountry "ESP"]
[SourceTitle "CBM 213 Extra"]
[Source "ChessBase"]
[SourceDate "2023.05.31"]
[SourceVersion "1"]
[SourceVersionDate "2023.05.31"]
[SourceQuality "1"]

1. e4 c5 2. c3 e5 3. Nf3 Nc6 4. d4 cxd4 5. cxd4 Nxd4 6. Nxd4 exd4 7. Qxd4 Qc7 8. Be3 b6 9. Nc3 Ne7 10. Nb5 Qc6 11. Rc1 Qg6 12. Nd6+ Kd8 13. Qxb6+ axb6 14. Bxb6# 1-0

[Event "Gran Canaria U1900 op"]
[Site "Gran Canaria"]
[Date "2022.12.30"]
[Round "4"]
[White "Sanchez Gonzalez, Diego"]
[Black "Guerrero Orihuela, Jose Luis"]
[Result "0-1"]
[WhiteElo "1519"]
[BlackElo "1830"]
[PlyCount "80"]
[EventDate "2022.12.27"]
[EventType "swiss"]
[EventRounds "7"]
[EventCountry "ESP"]
[SourceTitle "CBM 212 Extra"]
[Source "ChessBase"]
[SourceDate "2023.03.31"]
[SourceVersion "1"]
[SourceVersionDate "2023.03.31"]
[SourceQuality "1"]

1. e4 c5 2. c3 Nf6 3. e5 Nd5 4. d4 cxd4 5. cxd4 e6 6. Nc3 Nxc3 7. bxc3 Qc7 8. Bd2 d6 9. exd6 Bxd6 10. Bd3 Nc6 11. Ne2 Bd7 12. Rb1 Ne7 13. h3 Bc6 14. 0-0 b6 15. Qb3 0-0 16. Rfe1 Qb7 17. Bf4 Rfd8 18. Bxd6 Rxd6 19. Nf4 Nd5 20. Ne2 Nf6 21. Qa3 Rad8 22. f3 Rd5 23. Ba6 Qa8 24. Qc1 h6 25. Qe3 Rg5 26. Kh1 Nh5 27. Kh2 Qb8+ 28. Kg1 Ng3 29. Nf4 Nf5 30. Qe5 Bxf3 31. Qxb8 Rxb8 32. Re5 Bb7 33. Be2 Nh4 34. Rbb5 Rxe5 35. Rxe5 g5 36. Nh5 Rc8 37. c4 Bxg2 38. Nf6+ Kg7 39. Ng4 Bf3 40. Bd3 Bxg4 0-1

[Event "Gran Canaria U1900 op"]
[Site "Gran Canaria"]
[Date "2022.12.28"]
[Round "2"]
[White "Alba Santana, Cayetano"]
[Black "Sanchez Gonzalez, Diego"]
[Result "0-1"]
[WhiteElo "1800"]
[BlackElo "1519"]
[PlyCount "86"]
[EventDate "2022.12.27"]
[EventType "swiss"]
[EventRounds "7"]
[EventCountry "ESP"]
[SourceTitle "CBM 212 Extra"]
[Source "ChessBase"]
[SourceDate "2023.03.31"]
[SourceVersion "1"]
[SourceVersionDate "2023.03.31"]
[SourceQuality "1"]

1. c4 e6 2. Nf3 d5 3. g3 Nf6 4. Bg2 Bd6 5. 0-0 b6 6. b3 0-0 7. Bb2 Nbd7 8. d3 Bb7 9. cxd5 exd5 10. Nbd2 Re8 11. Re1 Qe7 12. a3 c5 13. e3 Rad8 14. d4 Ne4 15. Qe2 h6 16. a4 a5 17. Rac1 Qe6 18. Nxe4 dxe4 19. Nd2 Bd5 20. Nc4 Bc7 21. Red1 cxd4 22. Bxd4 Be5 23. Bf1 Bxd4 24. exd4 Nf6 25. Bg2 Nh7 26. Qe3 Nf8 27. Nd2 Ng6 28. Bf1 Qe7 29. Nc4 Rb8 30. Nd2 Kh7 31. Bb5 Rf8 32. Re1 f5 33. f4 Rf6 34. Rc3 Rd6 35. Rec1 Qf6 36. Rd1 Rbd8 37. Nc4 Bxc4 38. Rxc4 Nf8 39. g4 Ne6 40. d5 Qg6 41. Kh1 Rxd5 42. Rg1 Rd1 43. Qxb6 Qxg4 0-1

[Event "Vecindario Montalvo Memorial 14th"]
[Site "Vecindario"]
[Date "2022.09.08"]
[Round "6"]
[White "Almeida Sanchez, Juan Sebastian"]
[Black "Sanchez Gonzalez, Diego"]
[Result "0-1"]
[WhiteElo "1826"]
[BlackElo "1427"]
[PlyCount "84"]
[EventDate "2022.09.04"]
[EventType "swiss"]
[EventRounds "9"]
[EventCountry "ESP"]
[SourceTitle "CBM 210 Extra"]
[Source "ChessBase"]
[SourceDate "2022.11.30"]
[SourceVersion "1"]
[SourceVersionDate "2022.11.30"]
[SourceQuality "1"]

1. e4 c5 2. Nc3 d6 3. g3 a6 4. Bg2 Nf6 5. h3 e6 6. d3 Be7 7. f4 Qc7 8. Nf3 b5 9. 0-0 Bb7 10. Be3 Nbd7 11. Qe1 h6 12. a3 g6 13. Ne2 Bf8 14. Rd1 Bg7 15. g4 Nb6 16. Qf2 Nfd7 17. Rb1 0-0-0 18. b3 Rhf8 19. Nd2 f5 20. a4 fxe4 21. dxe4 g5 22. f5 exf5 23. exf5 d5 24. c3 Rde8 25. axb5 axb5 26. Nf3 Qd6 27. Rfd1 Qe7 28. Rd3 c4 29. bxc4 dxc4 30. Bxb6 cxd3 31. Ned4 Qe3 32. Nxb5 Nxb6 33. Nd6+ Kc7 34. Nxe8+ Rxe8 35. Re1 Qxf2+ 36. Kxf2 Rxe1 37. Kxe1 Bxc3+ 38. Kd1 Nc4 39. Bh1 Ne3+ 40. Kc1 Bxf3 41. Bxf3 d2+ 42. Kb1 Bf6 0-1

[Event "ESP-ch U10 Rapid"]
[Site "Salobrena"]
[Date "2022.07.10"]
[Round "6"]
[White "Sanchez Gonzalez, Diego"]
[Black "Torres Rebolledo, Alvaro"]
[Result "0-1"]
[WhiteElo "1336"]
[BlackElo "1887"]
[PlyCount "70"]
[EventDate "2022.07.09"]
[EventType "swiss (rapid)"]
[EventRounds "9"]
[EventCountry "ESP"]
[SourceTitle "EXT 2023"]
[Source "ChessBase"]
[SourceDate "2022.10.05"]
[SourceVersion "1"]
[SourceVersionDate "2022.10.05"]
[SourceQuality "1"]

1. e4 e5 2. Nf3 Nc6 3. d4 exd4 4. c3 d5 5. exd5 Qxd5 6. cxd4 Bg4 7. Be2 Bb4+ 8. Nc3 Bxf3 9. Bxf3 Qc4 10. d5 Nd4 11. Bd2 0-0-0 12. Rc1 Re8+ 13. Be3 Nf6 14. a3 Ba5 15. b4 Bb6 16. Be2 Nxe2 17. Nxe2 Qxd5 18. Qc2 Re7 19. Bxb6 axb6 20. 0-0 Rhe8 21. Ng3 Ne4 22. Rfd1 Nxg3 23. hxg3 Qe4 24. Qc3 Qe5 25. Qc4 Rd8 26. Rxd8+ Kxd8 27. Qd3+ Kc8 28. Qxh7 Kb8 29. Qc2 Qe4 30. Qa4 Re8 31. Qd7 Re7 32. Qd8+ Ka7 33. Qd1 Re8 34. Rxc7 Rh8 35. Qc2 Qe1# 0-1

[Event "ESP-ch U10"]
[Site "Salobrena"]
[Date "2022.07.09"]
[Round "9"]
[White "Gonzalez Argandona, Manuel"]
[Black "Sanchez Gonzalez, Diego"]
[Result "1-0"]
[WhiteElo "1409"]
[BlackElo "1336"]
[PlyCount "137"]
[EventDate "2022.07.04"]
[EventType "swiss"]
[EventRounds "9"]
[EventCountry "ESP"]
[SourceTitle "EXT 2023"]
[Source "ChessBase"]
[SourceDate "2022.10.05"]
[SourceVersion "1"]
[SourceVersionDate "2022.10.05"]
[SourceQuality "1"]

1. d4 d5 2. c4 e6 3. Nf3 Nf6 4. Nc3 Nbd7 5. Bg5 c6 6. e3 Qa5 7. Qc2 Bb4 8. Nd2 dxc4 9. Bxf6 Nxf6 10. Nxc4 Qc7 11. Bd3 b6 12. a3 Bd6 13. h3 Bb7 14. Nxd6+ Qxd6 15. 0-0 0-0 16. Rac1 c5 17. dxc5 Qc6 18. f3 Qxc5 19. Qf2 Rad8 20. Rfd1 Rd6 21. Ne2 Qg5 22. Bxh7+ Kxh7 23. Rxd6 Nd5 24. Rd7 Ba6 25. f4 Qg6 26. Nc3 Nf6 27. Rxa7 Bd3 28. Ra4 b5 29. Rd4 Re8 30. Rd1 Bc4 31. Qh4+ Kg8 32. Rd8 Bd5 33. Nxd5 exd5 34. Rxe8+ Nxe8 35. Qd8 Qe6 36. Rd3 d4 37. Qxd4 Nf6 38. Qe5 Qb6 39. Rc3 Qa6 40. Qb8+ Kh7 41. Rc8 Qe6 42. Rh8+ Kg6 43. Qe5 Qxe5 44. fxe5 Nd7 45. Rh4 Nxe5 46. Rb4 Nc4 47. Rxb5 Nxe3 48. a4 Nc4 49. a5 Nxa5 50. Rxa5 f5 51. b4 Kf6 52. b5 Ke6 53. b6 Kd6 54. Rxf5 Kc6 55. Rg5 Kxb6 56. Rxg7 Kc5 57. h4 Kd5 58. h5 Ke6 59. h6 Kf6 60. Rg3 Kf5 61. h7 Kf4 62. Rg7 Kf5 63. h8Q Kf6 64. Qf8+ Ke6 65. Re7+ Kd6 66. Qd8+ Kc6 67. Rc7+ Kb6 68. Qb8+ Ka6 69. Ra7# 1-0

[Event "ESP-ch U10 Rapid"]
[Site "Salobrena"]
[Date "2022.07.09"]
[Round "1"]
[White "Sanchez Gonzalez, Diego"]
[Black "Reque Garcia, Marcos"]
[Result "1-0"]
[WhiteElo "1336"]
[BlackElo "1203"]
[PlyCount "37"]
[EventDate "2022.07.09"]
[EventType "swiss (rapid)"]
[EventRounds "9"]
[EventCountry "ESP"]
[SourceTitle "EXT 2023"]
[Source "ChessBase"]
[SourceDate "2022.10.05"]
[SourceVersion "1"]
[SourceVersionDate "2022.10.05"]
[SourceQuality "1"]

1. e4 e5 2. Nf3 Nc6 3. d4 exd4 4. c3 d5 5. exd5 Qxd5 6. cxd4 Be6 7. Nc3 Bb4 8. a3 Bxc3+ 9. bxc3 0-0-0 10. c4 Qe4+ 11. Be3 Nxd4 12. Nxd4 Rxd4 13. Qxd4 Qg6 14. Rd1 Nf6 15. Qxa7 Nd7 16. Qa8+ Nb8 17. Ba7 Qe4+ 18. Be2 Bxc4 19. Qxb8# 1-0

[Event "ESP-ch U10"]
[Site "Salobrena"]
[Date "2022.07.08"]
[Round "7"]
[White "Serna Puerto, Lorenzo"]
[Black "Sanchez Gonzalez, Diego"]
[Result "0-1"]
[WhiteElo "1564"]
[BlackElo "1336"]
[PlyCount "136"]
[EventDate "2022.07.04"]
[EventType "swiss"]
[EventRounds "9"]
[EventCountry "ESP"]
[SourceTitle "EXT 2023"]
[Source "ChessBase"]
[SourceDate "2022.10.05"]
[SourceVersion "1"]
[SourceVersionDate "2022.10.05"]
[SourceQuality "1"]

1. e4 c5 2. Nf3 d6 3. d4 cxd4 4. Nxd4 Nf6 5. Nc3 a6 6. Bg5 e6 7. f4 Be7 8. Qd2 Qc7 9. 0-0-0 Nbd7 10. h3 b5 11. Bxf6 Nxf6 12. Bd3 Bb7 13. Rhe1 Qb6 14. Nf3 b4 15. Nb1 a5 16. Qe3 Qc7 17. Bb5+ Bc6 18. Bxc6+ Qxc6 19. Nd4 Qc5 20. Qd3 Rb8 21. Nd2 0-0 22. Qc4 Qb6 23. Nc6 Rb7 24. Nxe7+ Rxe7 25. Nf3 Rc7 26. Qd4 Qc6 27. Rd2 Rfc8 28. Ree2 d5 29. Ne5 Qa4 30. b3 Qa3+ 31. Qb2 Nxe4 32. Qxa3 bxa3 33. Rd4 Nc3 34. Rf2 Nxa2+ 35. Kb1 Nb4 36. Rdd2 a2+ 37. Kb2 Rc3 38. Nd3 Nxd3+ 39. cxd3 Rxb3+ 40. Kxa2 Rcc3 41. Rc2 g6 42. Rxc3 Rxc3 43. Rd2 d4 44. Kb2 Kf8 45. Kb1 Ke7 46. Ra2 Rxd3 47. Kc2 Rc3+ 48. Kd2 Rc5 49. Kd3 Rd5 50. Rb2 h5 51. h4 Kf6 52. Rb7 a4 53. g3 Ra5 54. Kxd4 a3 55. Rb1 a2 56. Ra1 Kf5 57. Ke3 Kg4 58. Kf2 Ra3 59. Kg2 Rxg3+ 60. Kf2 Ra3 61. Kg2 Kxh4 62. Kf2 f6 63. Kg2 g5 64. fxg5 fxg5 65. Kg1 Kg3 66. Kh1 Rb3 67. Rg1+ Kh3 68. Rg3+ Kxg3 0-1

[Event "ESP-ch U10"]
[Site "Salobrena"]
[Date "2022.07.04"]
[Round "2"]
[White "Sanchez Gonzalez, Diego"]
[Black "Echeverria Mendivil, Alex"]
[Result "1-0"]
[WhiteElo "1336"]
[BlackElo "1078"]
[PlyCount "51"]
[EventDate "2022.07.04"]
[EventType "swiss"]
[EventRounds "9"]
[EventCountry "ESP"]
[SourceTitle "EXT 2023"]
[Source "ChessBase"]
[SourceDate "2022.10.05"]
[SourceVersion "1"]
[SourceVersionDate "2022.10.05"]
[SourceQuality "1"]

1. e4 e6 2. d4 d5 3. Nd2 Nf6 4. e5 Nfd7 5. Ngf3 c5 6. c3 Nc6 7. Bd3 Be7 8. h4 b6 9. Bb5 Bb7 10. c4 Qc7 11. Nb3 0-0-0 12. Be3 a6 13. Bxc6 Qxc6 14. Rc1 cxd4 15. cxd5 Nc5 16. dxc6 Bxc6 17. Nbxd4 Bb5 18. b4 Kb7 19. bxc5 bxc5 20. Qb3 cxd4 21. Nxd4 Rc8 22. Nxb5 Rxc1+ 23. Ke2 Rxh1 24. Nd6+ Kc6 25. Qb6+ Kd5 26. Qc5# 1-0

[Event "Gran Canaria Cabildo Cup"]
[Site "Gran Canaria"]
[Date "2022.04.12"]
[Round "4"]
[White "Sanchez Gonzalez, Diego"]
[Black "Jimenez Castro, Jose Daniel"]
[Result "1-0"]
[WhiteElo "1210"]
[BlackElo "1184"]
[PlyCount "45"]
[EventDate "2022.04.10"]
[EventType "swiss"]
[EventRounds "7"]
[EventCountry "ESP"]
[SourceTitle "CBM 207 Extra"]
[Source "ChessBase"]
[SourceDate "2022.05.31"]
[SourceVersion "1"]
[SourceVersionDate "2022.05.31"]
[SourceQuality "1"]

1. e4 e5 2. Nf3 Nc6 3. d4 exd4 4. c3 dxc3 5. Nxc3 Bc5 6. Bc4 Nf6 7. e5 Qe7 8. 0-0 Ng4 9. Nd5 Qd8 10. h3 Ngxe5 11. Nxe5 Nxe5 12. Re1 d6 13. b4 Bb6 14. Nxb6 cxb6 15. f4 Qc7 16. Bb5+ Bd7 17. Bxd7+ Qxd7 18. fxe5 0-0 19. Qxd6 Qa4 20. Bg5 Rac8 21. Rac1 Rxc1 22. Rxc1 Qxa2 23. Qxf8+ 1-0